Antología. Material de Lectura

Sábháilte in:
Sonraí bibleagrafaíochta
Príomhchruthaitheoir: Blaga, Lucian
Formáid: LEABHAR
Teanga:Undetermined
Foilsithe / Cruthaithe: México, Distrito Federal UNAM [s.f.]
Ábhair:
Clibeanna: Cuir clib leis
Níl clibeanna ann, Bí ar an gcéad duine le clib a chur leis an taifead seo!

MARC

LEADER 00000nam a2200000Ia 4500
008 170316s9999 xx 000 0 und d
040 |a cru BVZT 
090 |a 859 B-3a 
100 |a Blaga, Lucian 
245 |a Antología. Material de Lectura 
260 |a México, Distrito Federal 
260 |b UNAM 
260 |c [s.f.] 
300 |a 35 páginas 
650 |a LITERATURA RUMANA 
999 |c 8238  |d 8238 
942 |c 15 D  |h 859 B-3a  |2 z